1er programa de fomento a iniciativas ciudadanas en materia de educación cívica en el Distrito Federal.

שמור ב:
מידע ביבליוגרפי
מחבר תאגידי: Instituto Electoral del Distrito Federal
פורמט: ספר
שפה:ספרדית
נושאים:
תגים: הוספת תג
אין תגיות, היה/י הראשונ/ה לתייג את הרשומה!

MARC

LEADER 00000cam^a2200000uu^4500
001 000492692
005 20250521000000.0
008 050901s2002^^^^^^^^^^^^rd^r^^000^0^spa^d
009 20260526150814.507
035 |a FCE 000036042 
035 |a FCE 036086 
037 |a Acervo ITESO - Biblioteca 
041 |a spa 
082 0 4 |a 370.115  |b IEDFp 
110 |a Instituto Electoral del Distrito Federal 
245 1 0 |a 1er programa de fomento a iniciativas ciudadanas en materia de educación cívica en el Distrito Federal. 
264 |a México :  |b IEDF,  |c 2002. 
300 |a 110 p. 
336 |a texto  |b txt  |2 rdacontenido 
337 |a sin mediación  |b n  |2 rdamedio 
338 |a volumen  |b nc  |2 rdasoporte 
649 |a XX 
650 |a Educación cívica 
650 |a Educación ciudadana 
650 |a Distrito Federal, México 
910 |a Fondo Centro de Estudios Educativos 
920 |a Impresos - Libros 
930 |a Fondos Especiales 
905 |a 133 
901 |a ALE036086  |b IT2  |c CEE  |u 20250521 
901 |a ALE041034  |b IT2  |c CEE  |u 20250521 
902 |a https://opac.biblio.iteso.mx/vufind/Record/000492692